[Event "GBR-ch109 Over 65"]
[Site "Leicester"]
[Date "2023.07.29"]
[Round "6.11"]
[White "Campbell, Ian"]
[Black "Reuben, Stewart"]
[Result "1/2-1/2"]
[WhiteElo "1952"]
[BlackElo "1901"]
[PlyCount "41"]
[EventDate "2023.07.24"]
[EventType "swiss"]
[EventRounds "7"]
[EventCountry "GBR"]
[SourceTitle "BritBase"]
[Source "John Saunders"]
[SourceDate "2025.01.31"]
[SourceVersion "1"]
[SourceVersionDate "2025.01.31"]
[SourceQuality "1"]

1. d4 Nf6 2. Nf3 c5 3. e3 b6 4. Bd3 Bb7 5. Nbd2 e6 6. b3 cxd4 7. exd4 Nc6 8. a3 Qc7 9. Bb2 Be7 10. O-O O-O 11. Re1 Nd5 12. c4 Nf4 13. Bf1 f5 14. Rc1 Bf6 15. Qc2 Rac8 16. g3 Ng6 17. Bg2 e5 18. dxe5 Ncxe5 19. Nxe5 Bxg2 20. Kxg2 Bxe5 21. Bxe5 1/2-1/2

[Event "GBR-ch109 Over 65"]
[Site "Leicester"]
[Date "2023.07.29"]
[Round "6.12"]
[White "Spanton, Timothy R"]
[Black "Morley, Andrew J"]
[Result "0-1"]
[WhiteElo "1800"]
[BlackElo "2089"]
[PlyCount "70"]
[EventDate "2023.07.24"]
[EventType "swiss"]
[EventRounds "7"]
[EventCountry "GBR"]
[SourceTitle "BritBase"]
[Source "John Saunders"]
[SourceDate "2025.01.31"]
[SourceVersion "1"]
[SourceVersionDate "2025.01.31"]
[SourceQuality "1"]

1. e4 c5 2. Nf3 Nc6 3. Bb5 g6 4. c3 Nf6 5. Qe2 Bg7 6. d4 cxd4 7. cxd4 O-O 8. d5 Nb8 9. Nc3 d6 10. O-O a6 11. Bd3 b5 12. Be3 Nbd7 13. Nd4 Ne5 14. Nc6 Nxc6 15. dxc6 Be6 16. Rfc1 Rc8 17. Bxb5 axb5 18. Qxb5 Qc7 19. Nd5 Bxd5 20. exd5 Rb8 21. Qc4 Qa5 22. Rd1 Rxb2 23. Bd4 Rb4 24. Qc2 Nxd5 25. Bxg7 Kxg7 26. Rab1 Rxb1 27. Rxb1 Qc3 28. Qe4 Qxc6 29. Rd1 e6 30. h4 h5 31. g4 hxg4 32. h5 Ne7 33. Qxg4 Rh8 34. h6+ Rxh6 35. Qd4+ e5 0-1

[Event "GBR-ch109 Over 65"]
[Site "Leicester"]
[Date "2023.07.29"]
[Round "6.15"]
[White "Habershon, Paul F"]
[Black "Matthews, Gabriel"]
[Result "1/2-1/2"]
[WhiteElo "1890"]
[BlackElo "1783"]
[PlyCount "62"]
[EventDate "2023.07.24"]
[EventType "swiss"]
[EventRounds "7"]
[EventCountry "GBR"]
[SourceTitle "BritBase"]
[Source "John Saunders"]
[SourceDate "2025.01.31"]
[SourceVersion "1"]
[SourceVersionDate "2025.01.31"]
[SourceQuality "1"]

1. e4 e6 2. d3 c5 3. g3 Nc6 4. Bg2 Nf6 5. Nd2 Be7 6. Ngf3 O-O 7. O-O d5 8. e5 Ne8 9. Re1 b5 10. Nf1 a5 11. h4 b4 12. N1h2 f5 13. exf6 Bxf6 14. Ng4 Ra6 15. Nxf6+ gxf6 16. d4 cxd4 17. Nxd4 Ng7 18. Bh6 Nxd4 19. Qxd4 Rf7 20. Bxg7 Rxg7 21. Rad1 Rc6 22. Rd2 Kh8 23. Re3 Rgc7 24. Rf3 Rc4 25. Qb6 R4c5 26. Re3 Qd7 27. Bh3 Qc6 28. Qxc6 R7xc6 29. Ree2 e5 30. Bxc8 Rxc8 31. f3 Kg7 1/2-1/2

[Event "GBR-ch109 Over 65"]
[Site "Leicester"]
[Date "2023.07.29"]
[Round "6.16"]
[White "Raynes, Paul C"]
[Black "Phillips, William"]
[Result "0-1"]
[WhiteElo "2062"]
[BlackElo "1808"]
[PlyCount "72"]
[EventDate "2023.07.24"]
[EventType "swiss"]
[EventRounds "7"]
[EventCountry "GBR"]
[SourceTitle "BritBase"]
[Source "John Saunders"]
[SourceDate "2025.01.31"]
[SourceVersion "1"]
[SourceVersionDate "2025.01.31"]
[SourceQuality "1"]

1. d4 Nf6 2. c4 e6 3. Nc3 d5 4. Bg5 Be7 5. Nf3 O-O 6. e3 c6 7. Qc2 h6 8. Bh4 Nbd7 9. Rd1 Nh5 10. Bxe7 Qxe7 11. g4 Nhf6 12. Rg1 e5 13. h4 e4 14. Nd2 Nb6 15. Be2 Be6 16. Rc1 Nh7 17. h5 f5 18. gxf5 Rxf5 19. c5 Qh4 20. Nd1 Nd7 21. Nf1 Ng5 22. Bg4 Nf3+ 23. Bxf3 Rxf3 24. Ng3 Qh2 25. Rh1 Qg2 26. Rh4 Raf8 27. Nf1 Bh3 28. Qe2 Qg5 29. Rxh3 Rxh3 30. Kd2 Qxh5 31. Qe1 Nf6 32. Kc2 Rh1 33. Kb1 Qh3 34. Nc3 Ng4 35. Ne2 Rxf2 36. Neg3 Qg2 0-1

[Event "GBR-ch109 Over 65"]
[Site "Leicester"]
[Date "2023.07.29"]
[Round "6.17"]
[White "Dennis, Nigel W"]
[Black "Burgess, Ray J"]
[Result "1/2-1/2"]
[WhiteElo "1803"]
[BlackElo "1924"]
[PlyCount "66"]
[EventDate "2023.07.24"]
[EventType "swiss"]
[EventRounds "7"]
[EventCountry "GBR"]
[SourceTitle "BritBase"]
[Source "John Saunders"]
[SourceDate "2025.01.31"]
[SourceVersion "1"]
[SourceVersionDate "2025.01.31"]
[SourceQuality "1"]

1. e4 c5 2. Nf3 Nc6 3. d4 cxd4 4. Nxd4 Nf6 5. Nc3 d6 6. Be2 a6 7. O-O e6 8. Be3 Be7 9. f4 Qc7 10. Nb3 b5 11. a3 Bb7 12. Qe1 O-O 13. Rd1 Rfe8 14. Qf2 Rac8 15. g4 Bf8 16. h3 Nd7 17. f5 Nce5 18. Nd4 Nc5 19. fxe6 fxe6 20. Bd3 Qe7 21. Qg3 g6 22. Nf3 Bg7 23. Nxe5 Bxe5 24. Bf4 Nd7 25. Bxe5 Nxe5 26. Rf2 Rf8 27. Rdf1 g5 28. Rxf8+ Rxf8 29. Rxf8+ Qxf8 30. Qf2 Qxf2+ 31. Kxf2 Kg7 32. Ne2 Kf6 33. Nd4 h6 1/2-1/2

[Event "GBR-ch109 Over 65"]
[Site "Leicester"]
[Date "2023.07.29"]
[Round "6.18"]
[White "Graham, Neil"]
[Black "Collinson, Mark I"]
[Result "1/2-1/2"]
[WhiteElo "1764"]
[BlackElo "1865"]
[PlyCount "68"]
[EventDate "2023.07.24"]
[EventType "swiss"]
[EventRounds "7"]
[EventCountry "GBR"]
[SourceTitle "BritBase"]
[Source "John Saunders"]
[SourceDate "2025.01.31"]
[SourceVersion "1"]
[SourceVersionDate "2025.01.31"]
[SourceQuality "1"]

1. d4 d5 2. e4 dxe4 3. Nc3 g6 4. Nxe4 Bg7 5. c3 Nd7 6. Bc4 Nb6 7. Bb3 Nh6 8. Nf3 O-O 9. h3 Nf5 10. O-O Nd6 11. Nxd6 cxd6 12. Re1 Qc7 13. Bf4 Re8 14. Qd2 Nc4 15. Qe2 b5 16. a4 Bd7 17. Nd2 Nxb2 18. axb5 e5 19. dxe5 dxe5 20. Be3 Qxc3 21. Rec1 Qd3 22. Qxd3 Nxd3 23. Rc7 e4 24. Raxa7 Rxa7 25. Rxa7 Be6 26. Bxe6 fxe6 27. Nxe4 Rb8 28. b6 Nb4 29. b7 Nc6 30. Ra8 Be5 31. Nc5 Kg7 32. Rxb8 Bxb8 33. Nxe6+ Kf6 34. Nd4 Nd8 1/2-1/2

[Event "GBR-ch109 Over 65"]
[Site "Leicester"]
[Date "2023.07.29"]
[Round "6.19"]
[White "Willoughby, Robert H"]
[Black "Ingham, H William"]
[Result "0-1"]
[WhiteElo "1564"]
[BlackElo "1833"]
[PlyCount "66"]
[EventDate "2023.07.24"]
[EventType "swiss"]
[EventRounds "7"]
[EventCountry "GBR"]
[SourceTitle "BritBase"]
[Source "John Saunders"]
[SourceDate "2025.01.31"]
[SourceVersion "1"]
[SourceVersionDate "2025.01.31"]
[SourceQuality "1"]

1. d4 Nf6 2. Bg5 e6 3. e4 Be7 4. Bd3 h6 5. Be3 d6 6. Nf3 Nbd7 7. O-O c6 8. c4 e5 9. Re1 O-O 10. Nc3 a6 11. a4 a5 12. Rc1 Re8 13. d5 Nc5 14. Bxc5 dxc5 15. Nxe5 Bd6 16. Nf3 Qc7 17. h3 Nh5 18. Bb1 Nf4 19. Qc2 Ng6 20. e5 Bxe5 21. Rcd1 Bd7 22. Ne4 cxd5 23. Rxd5 Bd4 24. Nxd4 cxd4 25. Rxd4 Bc6 26. Red1 Qe7 27. Nd6 Rf8 28. c5 Rad8 29. h4 h5 30. Qf5 Qe5 31. Qc2 Rd7 32. g3 Rfd8 33. Nxf7 Rxd4 0-1

[Event "GBR-ch109 Over 65"]
[Site "Leicester"]
[Date "2023.07.29"]
[Round "6.20"]
[White "Goodwin, Ed H"]
[Black "Daniels, David W"]
[Result "1-0"]
[WhiteElo "1824"]
[BlackElo "1655"]
[PlyCount "93"]
[EventDate "2023.07.24"]
[EventType "swiss"]
[EventRounds "7"]
[EventCountry "GBR"]
[SourceTitle "BritBase"]
[Source "John Saunders"]
[SourceDate "2025.01.31"]
[SourceVersion "1"]
[SourceVersionDate "2025.01.31"]
[SourceQuality "1"]

1. d4 Nf6 2. c4 c5 3. d5 b5 4. a4 b4 5. Nd2 d6 6. e4 g6 7. Ngf3 Bg7 8. Bd3 O-O 9. O-O e6 10. Nb3 exd5 11. cxd5 Re8 12. Re1 a5 13. h3 Ba6 14. Bxa6 Nxa6 15. Qd3 Nd7 16. Nbd2 Ne5 17. Nxe5 Bxe5 18. Nc4 f6 19. Be3 g5 20. Nxe5 fxe5 21. Qd2 h6 22. h4 gxh4 23. Bxh6 Qf6 24. Bg5 Qh8 25. Re3 Ra7 26. Rh3 Rh7 27. Qe2 Ra8 28. Qg4 Qg7 29. Rxh4 Rxh4 30. Qxh4 Ra7 31. Re1 c4 32. Re3 Qg6 33. Rg3 Rh7 34. Bh6 Rxh6 35. Qxh6 Qxg3 36. fxg3 c3 37. bxc3 b3 38. Qc1 Nc5 39. Qb1 Kg7 40. Kh2 Kg6 41. Kh3 Kg5 42. Qc1+ Kg6 43. Kg4 Nxa4 44. Qg5+ Kf7 45. Qf5+ Ke8 46. Qe6+ Kd8 47. Qxd6+ 1-0

[Event "GBR-ch109 Over 65"]
[Site "Leicester"]
[Date "2023.07.29"]
[Round "6.21"]
[White "Dhillon, Tarsem"]
[Black "Fallowfield, Nicholas"]
[Result "0-1"]
[WhiteElo "1609"]
[BlackElo "1875"]
[PlyCount "56"]
[EventDate "2023.07.24"]
[EventType "swiss"]
[EventRounds "7"]
[EventCountry "GBR"]
[SourceTitle "BritBase"]
[Source "John Saunders"]
[SourceDate "2025.01.31"]
[SourceVersion "1"]
[SourceVersionDate "2025.01.31"]
[SourceQuality "1"]

1. e4 Nf6 2. e5 Nd5 3. Nc3 Nxc3 4. bxc3 d5 5. d4 c5 6. Nf3 Nc6 7. Be2 Bg4 8. h3 Bxf3 9. Bxf3 e6 10. O-O Be7 11. Be3 O-O 12. Be2 Rc8 13. Bd3 cxd4 14. cxd4 Nb4 15. f4 Nxd3 16. Qxd3 Qc7 17. f5 Qxc2 18. Qxc2 Rxc2 19. f6 gxf6 20. exf6 Bd6 21. Bf4 Bxf4 22. Rxf4 Kh8 23. g4 h6 24. Re1 Rfc8 25. h4 Kh7 26. Rf2 Rxf2 27. Kxf2 Rc2+ 28. Kf3 Kg6 0-1

[Event "GBR-ch109 Over 65"]
[Site "Leicester"]
[Date "2023.07.29"]
[Round "6.22"]
[White "Collins, Nigel"]
[Black "Erdogan, Hassan"]
[Result "1/2-1/2"]
[WhiteElo "1458"]
[BlackElo "1829"]
[PlyCount "76"]
[EventDate "2023.07.24"]
[EventType "swiss"]
[EventRounds "7"]
[EventCountry "GBR"]
[SourceTitle "BritBase"]
[Source "John Saunders"]
[SourceDate "2025.01.31"]
[SourceVersion "1"]
[SourceVersionDate "2025.01.31"]
[SourceQuality "1"]

1. c4 Nf6 2. Nc3 c5 3. e4 Nc6 4. g3 d6 5. Bg2 g6 6. Nge2 Bg7 7. O-O O-O 8. d3 Rb8 9. Rb1 a6 10. a4 e5 11. f4 Nd4 12. h3 Bd7 13. Bd2 b5 14. axb5 axb5 15. Nxd4 cxd4 16. Nxb5 Bxb5 17. cxb5 Rxb5 18. fxe5 dxe5 19. b4 Ne8 20. g4 Nc7 21. Qa4 Qb8 22. Rb2 Rb7 23. Kh2 Nb5 24. Qb3 Rc8 25. Rc1 Bf8 26. Rxc8 Qxc8 27. Qd5 Nc3 28. Qxe5 Qd8 29. Bf4 Rxb4 30. Rxb4 Bxb4 31. Qc7 Qxc7 32. Bxc7 Nb5 33. Bb6 Bc3 34. Kg3 f6 35. Kf4 Bd2+ 36. Kf3 g5 37. Ke2 Bf4 38. Ba5 Bc7 1/2-1/2

[Event "GBR-ch109 Over 65"]
[Site "Leicester"]
[Date "2023.07.29"]
[Round "6.23"]
[White "Matthew, Ian G"]
[Black "Tidmarsh, David A"]
[Result "1-0"]
[WhiteElo "1745"]
[BlackElo "1761"]
[PlyCount "53"]
[EventDate "2023.07.24"]
[EventType "swiss"]
[EventRounds "7"]
[EventCountry "GBR"]
[SourceTitle "BritBase"]
[Source "John Saunders"]
[SourceDate "2025.01.31"]
[SourceVersion "1"]
[SourceVersionDate "2025.01.31"]
[SourceQuality "1"]

1. e4 e5 2. f4 exf4 3. Nf3 Be7 4. h4 d6 5. d4 Bg4 6. Bxf4 Nf6 7. Qd3 c6 8. Nbd2 Nh5 9. g3 Nxf4 10. gxf4 Nd7 11. O-O-O Qc7 12. Re1 O-O-O 13. Re3 g6 14. Nb3 f6 15. Qd2 Kb8 16. Rg1 Bxf3 17. Rxf3 Rhf8 18. h5 gxh5 19. Rg7 Rde8 20. Rxh7 d5 21. Rg3 dxe4 22. Rgg7 Nb6 23. Nc5 Qd6 24. a4 Nc8 25. Kb1 Rh8 26. Qb4 Qc7 27. Na6+ 1-0

[Event "GBR-ch109 Over 65"]
[Site "Leicester"]
[Date "2023.07.29"]
[Round "6.24"]
[White "Carpenter, David J"]
[Black "Gunn, Michael J"]
[Result "1/2-1/2"]
[WhiteElo "1485"]
[BlackElo "1606"]
[PlyCount "66"]
[EventDate "2023.07.24"]
[EventType "swiss"]
[EventRounds "7"]
[EventCountry "GBR"]
[SourceTitle "BritBase"]
[Source "John Saunders"]
[SourceDate "2025.01.31"]
[SourceVersion "1"]
[SourceVersionDate "2025.01.31"]
[SourceQuality "1"]

1. Nf3 d6 2. e4 Nd7 3. g3 e5 4. Bg2 Ngf6 5. d3 Be7 6. O-O c6 7. Re1 O-O 8. b3 Re8 9. Bb2 Bf8 10. Nbd2 Qc7 11. Nc4 b5 12. Ncd2 Nb6 13. Rc1 Bb7 14. c4 bxc4 15. dxc4 Nbd7 16. Qc2 Qb6 17. Nf1 Nc5 18. Rcd1 Rad8 19. Re2 Ne6 20. Qd3 c5 21. Ne1 Nd4 22. Bxd4 exd4 23. f3 g6 24. Rb2 a5 25. Rdb1 Rb8 26. a3 Qa7 27. b4 axb4 28. axb4 cxb4 29. Rxb4 Bg7 30. Nc2 Nd7 31. Nd2 Nc5 32. Qa3 Qxa3 33. Nxa3 Re7 1/2-1/2

[Event "GBR-ch109 Over 65"]
[Site "Leicester"]
[Date "2023.07.30"]
[Round "7.1"]
[White "Jackson, Sheila"]
[Black "Punnett, Alan Kenneth"]
[Result "1/2-1/2"]
[WhiteElo "2039"]
[BlackElo "2051"]
[PlyCount "24"]
[EventDate "2023.07.24"]
[EventType "swiss"]
[EventRounds "7"]
[EventCountry "GBR"]
[SourceTitle "BritBase"]
[Source "John Saunders"]
[SourceDate "2025.01.31"]
[SourceVersion "1"]
[SourceVersionDate "2025.01.31"]
[SourceQuality "1"]

1. e4 e6 2. d4 d5 3. e5 c5 4. c3 Nc6 5. Nf3 Bd7 6. a3 f6 7. b4 fxe5 8. b5 Nxd4 9. Nxe5 Nxb5 10. Qh5+ g6 11. Nxg6 Nf6 12. Qh3 Rg8 1/2-1/2

[Event "GBR-ch109 Over 65"]
[Site "Leicester"]
[Date "2023.07.30"]
[Round "7.3"]
[White "Hutchinson, Paul A"]
[Black "Orton, Stephen LA"]
[Result "1/2-1/2"]
[WhiteElo "1996"]
[BlackElo "2133"]
[PlyCount "106"]
[EventDate "2023.07.24"]
[EventType "swiss"]
[EventRounds "7"]
[EventCountry "GBR"]
[SourceTitle "BritBase"]
[Source "John Saunders"]
[SourceDate "2025.01.31"]
[SourceVersion "1"]
[SourceVersionDate "2025.01.31"]
[SourceQuality "1"]

1. d4 Nf6 2. Bf4 g6 3. h3 Bg7 4. e3 O-O 5. Nf3 d6 6. Be2 Nbd7 7. O-O b6 8. c4 Bb7 9. Nc3 Re8 10. b4 e5 11. Bh2 Ne4 12. Nxe4 Bxe4 13. Rc1 exd4 14. exd4 Bh6 15. Ra1 Nf6 16. Re1 Nh5 17. Nd2 Bb7 18. Bxh5 Rxe1+ 19. Qxe1 gxh5 20. d5 a5 21. b5 Bc8 22. Qe2 Bxh3 23. Qxh5 Qf6 24. Rd1 Bf5 25. Nf3 Re8 26. Bg3 Bc2 27. Re1 Re4 28. Rxe4 Bxe4 29. Qg4+ Qg6 30. Qc8+ Kg7 31. Nh4 Qf6 32. Qxc7 Bf4 33. Qxb6 Qa1+ 34. Kh2 Qf6 35. Nf3 Bxg3+ 36. fxg3 Bxf3 37. gxf3 Qxf3 38. Qd4+ Kg6 39. Qd2 Qe4 40. Qf4 Qe2+ 41. Kh3 h5 42. b6 Qe1 43. Qf3 Qb1 44. Kh4 Qxb6 45. Qxh5+ Kg7 46. Qe2 Kf8 47. Kh3 a4 48. Qf3 Qb1 49. Qe2 a3 50. Qf2 Qh7+ 51. Kg4 Qg6+ 52. Kh3 Qh7+ 53. Kg4 Qg6+ 1/2-1/2

[Event "GBR-ch109 Over 65"]
[Site "Leicester"]
[Date "2023.07.30"]
[Round "7.4"]
[White "Bray, David J"]
[Black "Moore, Geoffrey R"]
[Result "0-1"]
[WhiteElo "1975"]
[BlackElo "1994"]
[PlyCount "80"]
[EventDate "2023.07.24"]
[EventType "swiss"]
[EventRounds "7"]
[EventCountry "GBR"]
[SourceTitle "BritBase"]
[Source "John Saunders"]
[SourceDate "2025.01.31"]
[SourceVersion "1"]
[SourceVersionDate "2025.01.31"]
[SourceQuality "1"]

1. d4 Nf6 2. c4 g6 3. Nc3 Bg7 4. e4 d6 5. Nf3 O-O 6. Be2 e5 7. O-O Nc6 8. d5 Ne7 9. Ne1 Nd7 10. Nd3 f5 11. f3 f4 12. b4 g5 13. c5 Nf6 14. a4 Ng6 15. a5 h5 16. a6 bxa6 17. Ne1 g4 18. Bxa6 Rf7 19. Bxc8 Qxc8 20. Qe2 Bf8 21. c6 Rg7 22. Kh1 Nh4 23. fxg4 hxg4 24. Qf2 g3 25. hxg3 Ng4 26. Qe2 fxg3 27. Nf3 Qd8 28. Kg1 Nxf3+ 29. gxf3 Nh2 30. Rd1 Qh4 31. Rd3 Nf1 32. Qg2 Nh2 33. Ne2 Be7 34. Bd2 Rf8 35. Raa3 Bg5 36. Be1 Bf4 37. Rxa7 Qg5 38. b5 Be3+ 39. Kh1 Nxf3 40. Bxg3 Rh7+ 0-1

[Event "GBR-ch109 Over 65"]
[Site "Leicester"]
[Date "2023.07.30"]
[Round "7.6"]
[White "De Coverly, Roger D"]
[Black "Lawson, Maurice E"]
[Result "0-1"]
[WhiteElo "1955"]
[BlackElo "1972"]
[PlyCount "98"]
[EventDate "2023.07.24"]
[EventType "swiss"]
[EventRounds "7"]
[EventCountry "GBR"]
[SourceTitle "BritBase"]
[Source "John Saunders"]
[SourceDate "2025.01.31"]
[SourceVersion "1"]
[SourceVersionDate "2025.01.31"]
[SourceQuality "1"]

1. Nf3 d5 2. g3 g6 3. Bg2 Bg7 4. d4 Nf6 5. c4 c6 6. O-O O-O 7. b3 Bf5 8. Nbd2 Ne4 9. Bb2 Na6 10. Nh4 Nxd2 11. Qxd2 Be6 12. Rac1 Nc7 13. Rfd1 Qd7 14. Nf3 f6 15. Ne1 Bf7 16. Nd3 e6 17. e4 Na6 18. e5 f5 19. f4 Rfc8 20. c5 Nc7 21. a4 Kh8 22. Bc3 Qe7 23. b4 a6 24. Rb1 Be8 25. Qe3 Bd7 26. Bd2 Qf8 27. Nc1 Rcb8 28. Ne2 Ra7 29. Bf1 Rba8 30. Rb3 Qe8 31. Rdb1 Bf8 32. Nc3 Be7 33. Bd3 Qg8 34. Qe2 g5 35. Kh1 g4 36. b5 axb5 37. axb5 Ra1 38. Qf1 Rxb1 39. Qxb1 h5 40. bxc6 Bxc6 41. Nb5 Nxb5 42. Bxb5 Qc8 43. Kg2 h4 44. h3 Bxb5 45. Rxb5 gxh3+ 46. Kxh3 Qg8 47. Rb3 Qg4+ 48. Kh2 Qg8 49. Kh3 Qg4+ 0-1

[Event "GBR-ch109 Over 65"]
[Site "Leicester"]
[Date "2023.07.30"]
[Round "7.7"]
[White "Morley, Andrew J"]
[Black "Giulian, Philip Maurice"]
[Result "1/2-1/2"]
[WhiteElo "2089"]
[BlackElo "2141"]
[PlyCount "31"]
[EventDate "2023.07.24"]
[EventType "swiss"]
[EventRounds "7"]
[EventCountry "GBR"]
[SourceTitle "BritBase"]
[Source "John Saunders"]
[SourceDate "2025.01.31"]
[SourceVersion "1"]
[SourceVersionDate "2025.01.31"]
[SourceQuality "1"]

1. e4 c6 2. d4 d5 3. exd5 cxd5 4. c4 Nf6 5. Nc3 Nc6 6. Bg5 dxc4 7. Bxc4 h6 8. Bxf6 exf6 9. Nge2 Bd6 10. O-O O-O 11. Qd3 Na5 12. Bd5 Bd7 13. a3 Nc6 14. Be4 Ne7 15. Ng3 g6 16. Qf3 1/2-1/2

[Event "GBR-ch109 Over 65"]
[Site "Leicester"]
[Date "2023.07.30"]
[Round "7.8"]
[White "Stimpson, Philip M"]
[Black "Hutchinson, Norman A"]
[Result "1/2-1/2"]
[WhiteElo "1893"]
[BlackElo "1982"]
[PlyCount "99"]
[EventDate "2023.07.24"]
[EventType "swiss"]
[EventRounds "7"]
[EventCountry "GBR"]
[SourceTitle "BritBase"]
[Source "John Saunders"]
[SourceDate "2025.01.31"]
[SourceVersion "1"]
[SourceVersionDate "2025.01.31"]
[SourceQuality "1"]

1. d4 Nf6 2. Nc3 d5 3. Bf4 e6 4. e3 Bb4 5. Bd3 c5 6. dxc5 Nbd7 7. Nf3 a6 8. O-O Nxc5 9. a3 Nxd3 10. Qxd3 Be7 11. h3 h6 12. Ne5 O-O 13. Rfe1 Nd7 14. e4 dxe4 15. Nxe4 Nxe5 16. Bxe5 Qxd3 17. cxd3 Rd8 18. Red1 f5 19. Nc3 Bd7 20. f4 Rac8 21. Kf2 Kf7 22. g3 Bc6 23. Rd2 Rd7 24. Ke3 Bc5+ 25. d4 Ba7 26. Rad1 Rcd8 27. Rc1 Rg8 28. h4 Kg6 29. Nd1 Ba4 30. Nf2 Rgd8 31. Nd3 Kh5 32. Nc5 Bxc5 33. Rxc5 Kg4 34. Kf2 Bc6 35. Rdc2 Re8 36. b4 Ree7 37. Ra2 Rd5 38. Rac2 Rxc5 39. bxc5 Rd7 40. Rb2 g5 41. Ke3 gxh4 42. gxh4 Rh7 43. Bf6 Rf7 44. Be5 h5 45. Rb1 Kxh4 46. Rg1 Kh3 47. Rg6 Bd5 48. Rh6 h4 49. Bf6 Kg2 50. Bxh4 1/2-1/2

[Event "GBR-ch109 Over 65"]
[Site "Leicester"]
[Date "2023.07.30"]
[Round "7.9"]
[White "Moore, John C"]
[Black "Stokes, Mike R"]
[Result "1/2-1/2"]
[WhiteElo "1886"]
[BlackElo "1940"]
[PlyCount "87"]
[EventDate "2023.07.24"]
[EventType "swiss"]
[EventRounds "7"]
[EventCountry "GBR"]
[SourceTitle "BritBase"]
[Source "John Saunders"]
[SourceDate "2025.01.31"]
[SourceVersion "1"]
[SourceVersionDate "2025.01.31"]
[SourceQuality "1"]

1. e4 e5 2. Nf3 Nc6 3. Bb5 a6 4. Ba4 Be7 5. O-O b5 6. Bb3 Nf6 7. Re1 O-O 8. d4 Nxd4 9. Nxd4 exd4 10. e5 Ne8 11. Qxd4 c5 12. Qe4 Rb8 13. c4 Nc7 14. Nc3 Ne6 15. Bc2 g6 16. cxb5 axb5 17. Be3 b4 18. Nd5 Bb7 19. Rad1 Nc7 20. Bb3 Nxd5 21. Bxd5 Qc8 22. Bh6 Bxd5 23. Qxd5 Rd8 24. Rd3 Qc6 25. Red1 c4 26. Qxc6 dxc6 27. Rxd8+ Rxd8 28. Rxd8+ Bxd8 29. Bd2 Ba5 30. Bc1 Bb6 31. Kf1 Bd4 32. f4 f6 33. exf6 Kf7 34. Ke2 h5 35. Kf3 Kxf6 36. Ke4 Bg1 37. Bd2 Bc5 38. g3 Ke6 39. h3 Kf6 40. g4 hxg4 41. hxg4 Ke6 42. Be1 Kf6 43. Bh4+ Ke6 44. Be1 1/2-1/2

[Event "GBR-ch109 Over 65"]
[Site "Leicester"]
[Date "2023.07.30"]
[Round "7.10"]
[White "Bhopal, Rajinder S"]
[Black "Harding, Timothy David"]
[Result "1/2-1/2"]
[WhiteElo "2021"]
[BlackElo "1928"]
[PlyCount "153"]
[EventDate "2023.07.24"]
[EventType "swiss"]
[EventRounds "7"]
[EventCountry "GBR"]
[SourceTitle "BritBase"]
[Source "John Saunders"]
[SourceDate "2025.01.31"]
[SourceVersion "1"]
[SourceVersionDate "2025.01.31"]
[SourceQuality "1"]

1. e4 e5 2. Nf3 Nc6 3. Bb5 Nf6 4. d3 Bc5 5. O-O Nd4 6. Nxd4 Bxd4 7. c3 Bb6 8. Nd2 c6 9. Ba4 O-O 10. Nf3 d5 11. Qe2 Re8 12. Bg5 Bg4 13. h3 Bh5 14. g4 Bg6 15. Rad1 h6 16. Bh4 Re6 17. Bb3 Qd6 18. Bg3 Nd7 19. Nh4 Rae8 20. Nxg6 Rxg6 21. exd5 cxd5 22. d4 Rge6 23. dxe5 Nxe5 24. Bxd5 R6e7 25. Qb5 Qf6 26. Kg2 a6 27. Qb3 Ng6 28. Rd3 Bc7 29. Rf3 Nf4+ 30. Bxf4 Bxf4 31. Qc4 g5 32. h4 b5 33. Qc6 Qxc6 34. Bxc6 Rc8 35. Bd5 Rc5 36. Rd1 Re2 37. Bb3 Rc7 38. Rd8+ Kg7 39. Ra8 Rxb2 40. Rxa6 Be5 41. Rb6 gxh4 42. Rxb5 Bxc3 43. Rbf5 f6 44. Rh5 Be5 45. Rxh4 Rc1 46. Rh1 Rxh1 47. Kxh1 Kg6 48. Rf5 h5 49. Rxh5 Rxf2 50. Be6 Kg7 51. Rh3 Bd4 52. Rd3 Re2 53. Rxd4 Rxe6 54. Kg1 Re1+ 55. Kf2 Ra1 56. Ra4 Kg6 57. Ra5 Kf7 58. Ra6 Kg6 59. Ra5 Kf7 60. Kf3 Rf1+ 61. Ke2 Rg1 62. Ra4 Kg6 63. Kf2 Ra1 64. Ke3 f5 65. Ra6+ Kg5 66. gxf5 Kxf5 67. Kd4 Rd1+ 68. Kc5 Ke5 69. a4 Rc1+ 70. Kb6 Kd6 71. Kb7+ Kd7 72. Rb6 Rc7+ 73. Kb8 Rc5 74. Rb5 Kc6 75. Rb4 Rh5 76. Rc4+ Kb6 77. Rb4+ 1/2-1/2

[Event "GBR-ch109 Over 65"]
[Site "Leicester"]
[Date "2023.07.30"]
[Round "7.11"]
[White "Kelly, Ian G"]
[Black "Hawkins, James Nick"]
[Result "0-1"]
[WhiteElo "1987"]
[BlackElo "1910"]
[PlyCount "62"]
[EventDate "2023.07.24"]
[EventType "swiss"]
[EventRounds "7"]
[EventCountry "GBR"]
[SourceTitle "BritBase"]
[Source "John Saunders"]
[SourceDate "2025.01.31"]
[SourceVersion "1"]
[SourceVersionDate "2025.01.31"]
[SourceQuality "1"]

1. Nf3 c5 2. c4 e6 3. g3 b6 4. Bg2 Bb7 5. O-O Nf6 6. e3 Be7 7. Qe2 O-O 8. Rd1 Qc7 9. b3 d5 10. Bb2 Nbd7 11. Nc3 a6 12. Rac1 Rac8 13. cxd5 exd5 14. d4 Qb8 15. dxc5 bxc5 16. Na4 Qa7 17. Nh4 Rfe8 18. Nf5 Bf8 19. g4 d4 20. g5 Bxg2 21. gxf6 Be4 22. Qg4 Nxf6 23. Qg5 Bxf5 24. Qxf5 dxe3 25. fxe3 Qe7 26. Rd3 Rc6 27. Rc4 Rd8 28. Bxf6 Rxf6 29. Qh3 Rxd3 30. Nxc5 Rxe3 31. Qg4 Rg6 0-1

[Event "GBR-ch109 Over 65"]
[Site "Leicester"]
[Date "2023.07.30"]
[Round "7.13"]
[White "Ramage, Colin R"]
[Black "Habershon, Paul F"]
[Result "0-1"]
[WhiteElo "1802"]
[BlackElo "1890"]
[PlyCount "54"]
[EventDate "2023.07.24"]
[EventType "swiss"]
[EventRounds "7"]
[EventCountry "GBR"]
[SourceTitle "BritBase"]
[Source "John Saunders"]
[SourceDate "2025.01.31"]
[SourceVersion "1"]
[SourceVersionDate "2025.01.31"]
[SourceQuality "1"]

1. e4 Nf6 2. Nc3 d6 3. d4 g6 4. f4 Bg7 5. Nf3 c5 6. dxc5 Qa5 7. Bd2 Qxc5 8. Bd3 O-O 9. Qe2 a6 10. Be3 Qc7 11. O-O Nc6 12. Rab1 e6 13. f5 Ng4 14. Bd2 d5 15. g3 dxe4 16. Nxe4 exf5 17. Bf4 Qb6+ 18. Nf2 Nd4 19. Nxd4 Bxd4 20. Rbe1 Bd7 21. c3 Bxf2+ 22. Rxf2 Rfe8 23. Qf1 Nxf2 24. Rxe8+ Rxe8 25. Qxf2 Re1+ 26. Bf1 Qxf2+ 27. Kxf2 Rb1 0-1